30th Symposium on Computer Aided Process Engineering / (Record no. 315)

MARC details
000 -LEADER
fixed length control field 01859nam a2200385 4500
001 - CONTROL NUMBER
control field 21429204
005 - DATE AND TIME OF LATEST TRANSACTION
control field 20230505094001.0
008 - FIXED-LENGTH DATA ELEMENTS--GENERAL INFORMATION
fixed length control field 230505b |||||||| |||| 00| 0 eng d
010 ## - LIBRARY OF CONGRESS CONTROL NUMBER
LC control number 2019304931
020 ## - INTERNATIONAL STANDARD BOOK NUMBER
International Standard Book Number 9780128233771 (hbk)
Qualifying information (set)
020 ## - INTERNATIONAL STANDARD BOOK NUMBER
International Standard Book Number 9780128235133
Qualifying information (part c)
040 ## - CATALOGING SOURCE
Original cataloging agency DLC
Language of cataloging eng
Transcribing agency KMU
Description conventions rda
Modifying agency KMU
042 ## - AUTHENTICATION CODE
Authentication code pcc
050 00 - LIBRARY OF CONGRESS CALL NUMBER
Classification number TP 155.75 Sym
Item number .E97 2020
111 2# - MAIN ENTRY--MEETING NAME
Meeting name or jurisdiction name as entry element European Symposium on Computer Aided Process Engineering
Number of part/section/meeting 30th :
Date of meeting or treaty signing 2020:
Location of meeting Milano, Italy)
245 10 - TITLE STATEMENT
Title 30th Symposium on Computer Aided Process Engineering /
Statement of responsibility, etc. edited by Antonio Espuña, Moisès Graells and Luis Puigjaner, Chemical Engineering Department, Technical University of Catalonia, Barcelona, Spain.
246 1# - VARYING FORM OF TITLE
Display text From preface:
Title proper/short title ESCAPE-30
264 #1 - PRODUCTION, PUBLICATION, DISTRIBUTION, MANUFACTURE, AND COPYRIGHT NOTICE
Place of production, publication, distribution, manufacture Amsterdam ;
-- Boston :
Name of producer, publisher, distributor, manufacturer Elsevier,
Date of production, publication, distribution, manufacture, or copyright notice [2020]
300 ## - PHYSICAL DESCRIPTION
Extent xiv, 2068 pages. :
Other physical details illustrations. ;
Dimensions 24 cm.
336 ## - CONTENT TYPE
Content type term text
Source rdacontent
337 ## - MEDIA TYPE
Media type term unmediated
Source rdamedia
338 ## - CARRIER TYPE
Carrier type term volume
Source rdacarrier
490 0# - SERIES STATEMENT
Series statement Computer-aided chemical engineering,
International Standard Serial Number 1570-7946 ;
Volume/sequential designation 40
500 ## - GENERAL NOTE
General note "This volume of the Computer-Aided Chemical Engineering series collects the contributions presented at the 27th European Symposium on Computer Aided Process Engineering, (ESCAPE-27), held in Barcelona, Spain from the 1st to the 5th of October, 2017"--Preface.
504 ## - BIBLIOGRAPHY, ETC. NOTE
Bibliography, etc. note Includes bibliographical references and author index.
505 0# - FORMATTED CONTENTS NOTE
Formatted contents note [volume 1.] Part A -- [volume 2.] Part B -- [volume 3.] Part C.
650 #0 - SUBJECT ADDED ENTRY--TOPICAL TERM
Topical term or geographic name entry element Chemical process control
General subdivision Data processing
Form subdivision Congresses.
650 #0 - SUBJECT ADDED ENTRY--TOPICAL TERM
Topical term or geographic name entry element Computer integrated manufacturing systems
Form subdivision Congresses.
700 1# - ADDED ENTRY--PERSONAL NAME
Personal name Espuña, A.,
Relator term editor.
700 1# - ADDED ENTRY--PERSONAL NAME
Personal name Graells, Moisès,
Relator term editor.
700 1# - ADDED ENTRY--PERSONAL NAME
Personal name Puigjaner, Luis,
Relator term editor.
906 ## - LOCAL DATA ELEMENT F, LDF (RLIN)
a 7
b cbc
c origres
d 2
e ncip
f 20
g y-gencatlg
942 ## - ADDED ENTRY ELEMENTS (KOHA)
Source of classification or shelving scheme Library of Congress Classification
Koha item type Non-Fiction
Suppress in OPAC No
Holdings
Withdrawn status Lost status Source of classification or shelving scheme Materials specified (bound volume or other part) Damaged status Not for loan Collection Home library Current library Shelving location Date acquired Source of acquisition Total Checkouts Full call number Barcode Date last seen Price effective from Koha item type
    Library of Congress Classification Part C     Non-fiction Kapasa Makasa University Kapasa Makasa University Open Access 05.05.2023 ZLS   TP 155.75 Sym 300351 05.05.2023 05.05.2023 Non-Fiction